Η γένεση του φιλελευθερισμού : προβλήματα σύστασης του πολιτικού σε θεωρίες του κοινωνικού συμβολαίου Thomas Hobbes-John Locke
Saved in:
| Main Author: | |
|---|---|
| Format: | Book |
| Language: | Greek |
| Published: |
Αθήνα :
Ιδρυμα Σάκη Καράγιωργα,
1994
|
| Series: | Επιστημονική βιβλιοθήκη (Ίδρυμα Σάκη Καράγιωργα)
|
| Subjects: | |
| Tags: |
Add Tag
No Tags, Be the first to tag this record!
|
MARC
| LEADER | 00000cam a2200000 i 4500 | ||
|---|---|---|---|
| 001 | 1/65226 | ||
| 008 | 980820s1994 gre d | ||
| 020 | |a 9607087119 | ||
| 035 | |l 10029589 | ||
| 040 | |a GR-MY-UA |b gre |e aacr | ||
| 041 | 0 | |a gre | |
| 082 | 0 | |a 320.11 | |
| 100 | 1 | |a Αγγελίδης, Μανόλης, |d 1952-2018. | |
| 245 | 1 | 2 | |a Η γένεση του φιλελευθερισμού : |b προβλήματα σύστασης του πολιτικού σε θεωρίες του κοινωνικού συμβολαίου Thomas Hobbes-John Locke / |c Μανόλης Αγγελίδης |
| 260 | |a Αθήνα : |b Ιδρυμα Σάκη Καράγιωργα, |c 1994 | ||
| 300 | |a 222 σ. | ||
| 490 | 1 | |a Επιστημονική Βιβλιοθήκη (Ίδρυμα Σάκη Καράγιωργα) |v ; τ.5 | |
| 600 | 1 | 0 | |a Hobbes, Thomas, |d 1588-1679. |
| 600 | 1 | 0 | |a Locke, John, |d 1632-1704. |
| 650 | 0 | 0 | |a Social contract. |
| 650 | 0 | 0 | |a Liberalism. |
| 830 | 0 | |a Επιστημονική βιβλιοθήκη (Ίδρυμα Σάκη Καράγιωργα) | |
| 852 | |a INST |b CHIOS |e 19990316 |h 320.11 ΑΓΓ |p 005200014612 |q 005200014612 |t BK |y 0 | ||
| 852 | |a INST |b CHIOS |e 19980820 |h 320.11 ΑΓΓ |p 005200015981 |q 005200015981 |t BK |y 0 | ||
| 901 | |a BIBL-1998-2 | ||
| 922 | |a 2ΕΛΗ |b 199806 |c Ζαζαράτος |d Emvasis | ||
| 922 | |a 2ΔΩΡ |c 199903 |d Μεταπτυχιακό Τουρισμού | ||